Normal view MARC view

Entry Personal Name

Number of records used in: 12

001 - CONTROL NUMBER

  • control field: 1236796

003 - CONTROL NUMBER IDENTIFIER

  • control field: OSt

005 - DATE AND TIME OF LATEST TRANSACTION

  • control field: 20260430150215.0

008 - FIXED-LENGTH DATA ELEMENTS

  • fixed length control field: 260430|| aca||aabn | a|a d

040 ## - CATALOGING SOURCE

  • Original cataloging agency: OSt
  • Transcribing agency: OSt

100 ## - HEADING--PERSONAL NAME

  • Personal name: University of Delhi. Faculty of Social Science. Depatment of Geography

670 ## - SOURCE DATA FOUND

  • Source citation: Work cat.: (OSt)1849217: Suraj Pal Au.; Pankaj Kumar Gu.; Pathak Praveen Kumar Gu. 1236795, Analysing Social Stigma and Health Risks among men having Sex with Men: A Case Study of Selected Indian cities, 2022
Copyright @ Delhi University Library System